000 00795nam a2200205Ii 4500
003 JO-AjNU
008 230605s9999||||xx |||||||||||||| ||und||
040 _aJO-AjNU
_bara
_erda
_cJO-AjNU
041 _aara
050 1 4 _aAG195.L3712.1994
100 3 _aليوكيم،اركادي ، السايس،سوزام/ترجمة ، ناصيف،وليد/اعداد وتقديم,
_eauthor
_918661
245 0 0 _aما زال هناك الاكثر: اخبرني لماذا
250 _aط1
264 3 1 _aدمشق-القاهرة:دار الكتاب العربي ،1994
300 _a 324ص
_bصور توضبحية
336 _atext
_btxt
_2rdacontent
337 _aunmediated
_bn
_2rdamedia
338 _avolume
_bnc
_2rdacarrier
650 4 _aالمعارف العامة -اختبارات- أسئلة
_918662
999 _aA6011
_c9579
_d9579